000 00437nam a2200133 a 4500
008 120416s1972 ||||||||||||||||| || u
050 _aHV 9849.N5 Soy
100 _aSoyinka, Wole
245 1 4 _aThe man died
260 _aLondon
_bRex Collings
_c1972
300 _a315p.
350 _a0.00
995 _D0.00
_FCBU-MAIN LIBRARY (Kitwe)
_H1
_I3.50
_UDAMAGED
_ZMain Library Open Access Collection
999 _c49802
_d49802